[Event "SVK-chT2D 2122"]
[Site "Slovakia"]
[Date "2022.03.26"]
[Round "8.1"]
[White "Mrozowski, Patryk"]
[Black "Fiacan, Robert"]
[Result "1-0"]
[WhiteElo "2143"]
[BlackElo "2210"]
[PlyCount "69"]
[EventDate "2021.10.16"]
[EventType "team-tourn"]
[EventRounds "11"]
[EventCountry "SVK"]
[SourceTitle "EXT 2023"]
[Source "ChessBase"]
[SourceDate "2022.10.05"]
[SourceVersion "1"]
[SourceVersionDate "2022.10.05"]
[SourceQuality "1"]
[WhiteTeam "Stropkov/Svidnik"]
[BlackTeam "Spisska Nova Ves"]
[WhiteTeamCountry "SVK"]
[BlackTeamCountry "SVK"]

1. e4 d6 2. d4 Nf6 3. Bd3 e5 4. c3 Be7 5. Ne2 0-0 6. 0-0 d5 7. dxe5 Nxe4 8. Ng3 Nxg3 9. hxg3 Nc6 10. Re1 Be6 11. Nd2 d4 12. c4 Qd7 13. f4 Nb4 14. Ne4 Qc6 15. b3 a5 16. a4 Bg4 17. Qd2 Nxd3 18. Qxd3 Qg6 19. Bd2 Bf5 20. Qf3 Rfd8 21. Kh2 d3 22. Nf2 h5 23. Rab1 Bc5 24. Nh3 c6 25. Ng5 Bb4 26. Rb2 f6 27. Nh3 Rd4 28. Bxb4 axb4 29. Rd2 Rad8 30. Nf2 Bg4 31. Nxg4 hxg4 32. Qd1 Rxf4 33. gxf4 g3+ 34. Kh3 Kf7 35. Qg4 1-0

[Event "SVK-chT1E 2122"]
[Site "Slovakia"]
[Date "2022.02.13"]
[Round "3.2"]
[White "Fiacan, Robert"]
[Black "Panko, Radoslav"]
[Result "1-0"]
[WhiteElo "2210"]
[BlackElo "2013"]
[PlyCount "67"]
[EventDate "2022.01.29"]
[EventType "team-tourn"]
[EventRounds "11"]
[EventCountry "SVK"]
[SourceTitle "EXT 2023"]
[Source "ChessBase"]
[SourceDate "2022.10.05"]
[SourceVersion "1"]
[SourceVersionDate "2022.10.05"]
[SourceQuality "1"]
[WhiteTeam "Humenne Reinter II"]
[BlackTeam "Bardejov"]
[WhiteTeamCountry "SVK"]
[BlackTeamCountry "SVK"]

1. f4 b6 2. Nf3 Bb7 3. g3 Bxf3 4. exf3 e6 5. d4 d5 6. Bd3 g6 7. Qe2 Bd6 8. Nc3 c6 9. Bd2 Qf6 10. 0-0-0 Ne7 11. Qf2 b5 12. Kb1 Nd7 13. h4 h5 14. g4 a6 15. f5 exf5 16. Bg5 Qg7 17. gxf5 f6 18. Bc1 Nxf5 19. Bxf5 gxf5 20. Rhg1 Qf7 21. Qe2+ Kd8 22. Qd3 Qh7 23. Ne2 Re8 24. Bf4 Rxe2 25. Bxd6 Re6 26. Qa3 a5 27. Rde1 Qf7 28. Bb4 Nb6 29. Bxa5 Kd7 30. Qc5 Nc8 31. Rxe6 Qxe6 32. Rg7+ Ke8 33. Bb4 Nd6 34. Qxd6 1-0

[Event "SVK-chT2D 2122"]
[Site "Slovakia"]
[Date "2022.02.12"]
[Round "5.1"]
[White "Fiacan, Robert"]
[Black "Hagara, Eduard"]
[Result "1/2-1/2"]
[WhiteElo "2210"]
[BlackElo "2383"]
[PlyCount "36"]
[EventDate "2021.10.16"]
[EventType "team-tourn"]
[EventRounds "11"]
[EventCountry "SVK"]
[SourceTitle "EXT 2023"]
[Source "ChessBase"]
[SourceDate "2022.10.05"]
[SourceVersion "1"]
[SourceVersionDate "2022.10.05"]
[SourceQuality "1"]
[WhiteTeam "Spisska Nova Ves"]
[BlackTeam "Kezmarok"]
[WhiteTeamCountry "SVK"]
[BlackTeamCountry "SVK"]

1. e4 e6 2. d4 d5 3. exd5 exd5 4. Qf3 Nf6 5. h3 c5 6. Bb5+ Nc6 7. Ne2 Qb6 8. Nbc3 cxd4 9. Nxd5 Nxd5 10. Qxd5 Bb4+ 11. c3 dxc3 12. Qe4+ Kf8 13. bxc3 Qxb5 14. cxb4 Bf5 15. a4 Qxb4+ 16. Qxb4+ Nxb4 17. Ba3 a5 18. Nd4 Bd7 1/2-1/2

[Event "SVK-chT2D 2122"]
[Site "Slovakia"]
[Date "2021.10.17"]
[Round "2.1"]
[White "Demeter, Peter"]
[Black "Fiacan, Robert"]
[Result "0-1"]
[WhiteElo "2086"]
[BlackElo "2208"]
[PlyCount "68"]
[EventDate "2021.10.16"]
[EventType "team-tourn"]
[EventRounds "11"]
[EventCountry "SVK"]
[SourceTitle "EXT 2023"]
[Source "ChessBase"]
[SourceDate "2022.10.05"]
[SourceVersion "1"]
[SourceVersionDate "2022.10.05"]
[SourceQuality "1"]
[WhiteTeam "Presov Tatran Dason"]
[BlackTeam "Spisska Nova Ves"]
[WhiteTeamCountry "SVK"]
[BlackTeamCountry "SVK"]

1. Nf3 c5 2. g3 Nc6 3. Bg2 Nf6 4. c4 e6 5. 0-0 Be7 6. d4 cxd4 7. Nxd4 0-0 8. Nc3 a6 9. Nc2 d6 10. b3 Qa5 11. Qd2 Rd8 12. Na4 Qc7 13. Nc3 d5 14. cxd5 exd5 15. Bb2 d4 16. Ne4 Bf5 17. Nxf6+ Bxf6 18. Rfc1 Qb6 19. Ne1 h6 20. h4 Nb4 21. Qf4 Bg6 22. Qc7 Qe6 23. Bf3 Nd5 24. Qxb7 Nc3 25. Bxc3 dxc3 26. Qc7 Rac8 27. Qf4 Bf5 28. e4 Bh3 29. Rc2 Rd2 30. Rac1 g5 31. Qe3 Bd4 32. Rxc3 Bxe3 33. Rxc8+ Kg7 34. fxe3 Qd6 0-1

[Event "Slovak Hybrid Teams"]
[Site "Tornelo INT"]
[Date "2021.05.15"]
[Round "5.3"]
[White "Fiacan, Robert"]
[Black "Jablonicky, Martin"]
[Result "0-1"]
[WhiteElo "2207"]
[BlackElo "2298"]
[PlyCount "60"]
[EventDate "2021.05.13"]
[EventType "team-tourn"]
[EventRounds "5"]
[EventCountry "SVK"]
[SourceTitle "CBM 202 Extra"]
[Source "ChessBase"]
[SourceDate "2021.07.31"]
[SourceVersion "1"]
[SourceVersionDate "2021.07.31"]
[SourceQuality "1"]
[WhiteTeam "Presov Region CF"]
[BlackTeam "Trnava Region CF"]
[WhiteTeamCountry "SVK"]
[BlackTeamCountry "SVK"]

1. e4 Nf6 2. Nc3 d5 3. e5 Nfd7 4. f4 d4 5. Ne4 Nb6 6. c4 Nc6 7. d3 h5 8. Be2 h4 9. Bf3 Bf5 10. Nc5 e6 11. Nxb7 Qd7 12. Bd2 Rb8 13. Na5 Nxa5 14. Bxa5 Na4 15. b3 Nb2 16. Qd2 Nxd3+ 17. Kf1 g5 18. g4 hxg3 19. hxg3 Rxh1 20. Bxh1 Nb4 21. Ne2 d3 22. Ng1 Qd4 23. Re1 g4 24. a3 Bc5 25. Qh2 d2 26. Bxb4 Bd3+ 27. Ne2 Bxe2+ 28. Rxe2 d1Q+ 29. Be1 Ke7 30. Bc6 Rh8 0-1

[Event "Slovak Hybrid Teams"]
[Site "Tornelo INT"]
[Date "2021.05.14"]
[Round "2.2"]
[White "Fiacan, Robert"]
[Black "Kostolansky, Sebastian Lukas"]
[Result "0-1"]
[WhiteElo "2207"]
[BlackElo "2393"]
[PlyCount "72"]
[EventDate "2021.05.13"]
[EventType "team-tourn"]
[EventRounds "5"]
[EventCountry "SVK"]
[SourceTitle "CBM 202 Extra"]
[Source "ChessBase"]
[SourceDate "2021.07.31"]
[SourceVersion "1"]
[SourceVersionDate "2021.07.31"]
[SourceQuality "1"]
[WhiteTeam "Presov Region CF"]
[BlackTeam "Bratislava Chess Feeration"]
[WhiteTeamCountry "SVK"]
[BlackTeamCountry "SVK"]

1. e4 d6 2. d4 Nf6 3. Nc3 Nbd7 4. Nf3 e5 5. Bc4 Be7 6. 0-0 0-0 7. Re1 c6 8. a4 a5 9. Bg5 h6 10. Bh4 Nh5 11. Nxe5 dxe5 12. Bxe7 Qxe7 13. Qxh5 exd4 14. Nd1 Qb4 15. Qe2 Nb6 16. Bb3 c5 17. Ra3 c4 18. Ba2 Bg4 19. f3 Be6 20. c3 dxc3 21. Nxc3 Rad8 22. f4 Rfe8 23. Qf2 f6 24. e5 Bf7 25. Bb1 fxe5 26. fxe5 Nd7 27. Na2 Qc5 28. Rae3 Nxe5 29. Kh1 Qd6 30. h3 Nd3 31. Rxe8+ Bxe8 32. Bxd3 cxd3 33. Nc3 d2 34. Rd1 Bg6 35. Qh4 Qd4 36. Qg3 Bc2 0-1

[Event "SVK-chT 1920"]
[Site "Slovakia"]
[Date "2020.09.06"]
[Round "11.5"]
[White "Bures, Jaroslav"]
[Black "Fiacan, Robert"]
[Result "1-0"]
[WhiteElo "2385"]
[BlackElo "2231"]
[PlyCount "115"]
[EventDate "2019.10.19"]
[EventType "team-tourn"]
[EventRounds "11"]
[EventCountry "SVK"]
[SourceTitle "EXT 2021"]
[Source "ChessBase"]
[SourceDate "2020.10.23"]
[SourceVersion "1"]
[SourceVersionDate "2020.10.23"]
[SourceQuality "1"]
[WhiteTeam "Bratislava Slovan"]
[BlackTeam "Humenne Reinter"]
[WhiteTeamCountry "SVK"]
[BlackTeamCountry "SVK"]

1. d4 g6 2. c4 Bg7 3. Nc3 f5 4. Nf3 Nf6 5. Bf4 d6 6. e3 0-0 7. h3 Nc6 8. d5 e5 9. dxe6 Bxe6 10. Ng5 Bc8 11. c5 d5 12. Be2 h6 13. Nf3 Be6 14. Nb5 Ne8 15. Nfd4 Nxd4 16. Nxd4 Bf7 17. g4 Qe7 18. gxf5 Qxc5 19. fxg6 Bxg6 20. Rg1 Qb6 21. Rc1 Rxf4 22. exf4 Bxd4 23. Rxg6+ Qxg6 24. Qxd4 c6 25. Rc3 Qb1+ 26. Bd1 Ng7 27. Rg3 Re8+ 28. Kd2 Re7 29. Qf6 Qe4 30. Re3 Qb4+ 31. Kc1 Rf7 32. Qxh6 Qxf4 33. Qxf4 Rxf4 34. Ra3 a6 35. Rb3 Rf7 36. Bg4 Rc7 37. Kd2 Ne8 38. Ke3 Nd6 39. Kd4 Kf7 40. h4 Ne4 41. Bf5 Nd6 42. Bd3 Ke6 43. Kc5 Nc8 44. h5 b6+ 45. Rxb6 Nxb6 46. Kxb6 Kd6 47. h6 c5 48. h7 Rc8 49. b3 a5 50. Kxa5 Ke5 51. Kb5 Kd4 52. Bf5 Rb8+ 53. Kc6 c4 54. bxc4 dxc4 55. a4 Ke5 56. Bc2 Kd4 57. a5 Kc3 58. Bg6 1-0

[Event "Tatry op"]
[Site "Tatranske Zruby"]
[Date "2019.10.05"]
[Round "9"]
[White "Fiacan, Robert"]
[Black "Jakab, Bela"]
[Result "0-1"]
[WhiteElo "2273"]
[BlackElo "2255"]
[PlyCount "78"]
[EventDate "2019.09.28"]
[EventType "swiss"]
[EventRounds "9"]
[EventCountry "SVK"]
[SourceTitle "EXT 2020"]
[Source "ChessBase"]
[SourceDate "2019.10.17"]
[SourceVersion "1"]
[SourceVersionDate "2019.10.17"]
[SourceQuality "1"]

1. e4 e6 2. d4 d5 3. e5 c5 4. c3 Nc6 5. Nf3 Qb6 6. Be2 Nge7 7. Na3 cxd4 8. cxd4 Nf5 9. Nc2 Be7 10. h4 h5 11. g3 Bd7 12. 0-0 f6 13. Bd3 0-0-0 14. Bxf5 exf5 15. Ne3 Be6 16. Ng2 fxe5 17. Nxe5 Nxe5 18. dxe5 Kb8 19. Nf4 d4 20. Ng6 Bb3 21. Qxb3 Qxg6 22. Kh2 Qa6 23. Bf4 g5 24. hxg5 h4 25. Kg2 d3 26. Rh1 Qc6+ 27. f3 h3+ 28. Rxh3 Rxh3 29. Rc1 Bc5 30. Kxh3 Qxf3 31. e6+ Ka8 32. Qc3 Qg4+ 33. Kg2 Qe2+ 34. Kh3 Qxe6 35. Qf6 Qd5 36. Qe5 Qf3 37. g6 d2 38. Qf6 d1Q 39. Rxd1 Qxd1 0-1

[Event "Tatry op"]
[Site "Tatranske Zruby"]
[Date "2019.09.28"]
[Round "1"]
[White "Fiacan, Robert"]
[Black "Indriunas, Matas"]
[Result "0-1"]
[WhiteElo "2273"]
[BlackElo "2021"]
[PlyCount "66"]
[EventDate "2019.09.28"]
[EventType "swiss"]
[EventRounds "9"]
[EventCountry "SVK"]
[SourceTitle "EXT 2020"]
[Source "ChessBase"]
[SourceDate "2019.10.17"]
[SourceVersion "1"]
[SourceVersionDate "2019.10.17"]
[SourceQuality "1"]

1. e4 c5 2. Nc3 g6 3. f4 Bg7 4. Nf3 Nc6 5. Bc4 e6 6. 0-0 Nge7 7. e5 d5 8. exd6 Qxd6 9. d3 b6 10. Ne4 Qc7 11. Qe1 Nf5 12. c3 0-0 13. g4 Nd6 14. Nxd6 Qxd6 15. Ng5 Na5 16. Qh4 h6 17. Ne4 Qc6 18. Bb3 Nxb3 19. axb3 f5 20. Nf2 Bb7 21. Qg3 Kf7 22. h4 Qd5 23. Kh2 Bf6 24. Rg1 Rg8 25. g5 hxg5 26. fxg5 Be5 27. Bf4 Bxf4 28. Qxf4 Rh8 29. Qc7+ Kg8 30. Ra4 b5 31. Rf4 Rh7 32. c4 Qg2+ 33. Rxg2 Rxc7 0-1

[Event "SVK-chT2D 1819"]
[Site "Slovakia"]
[Date "2019.04.06"]
[Round "10.2"]
[White "Timko, Milan"]
[Black "Fiacan, Robert"]
[Result "0-1"]
[WhiteElo "2052"]
[BlackElo "2213"]
[PlyCount "56"]
[EventDate "2018.10.13"]
[EventType "team-tourn"]
[EventRounds "11"]
[EventCountry "SVK"]
[SourceTitle "EXT 2020"]
[Source "ChessBase"]
[SourceDate "2019.10.17"]
[SourceVersion "1"]
[SourceVersionDate "2019.10.17"]
[SourceQuality "1"]
[WhiteTeam "Moldava nad Bodvou"]
[BlackTeam "Humenne Reinter"]
[WhiteTeamCountry "SVK"]
[BlackTeamCountry "SVK"]

1. d4 d6 2. e4 Nf6 3. Nc3 c6 4. Nf3 Qa5 5. Bd2 Qb6 6. a3 Bg4 7. Be3 d5 8. e5 Ne4 9. Bd3 Nxc3 10. bxc3 e6 11. 0-0 Be7 12. Qb1 Qc7 13. Nd2 0-0 14. h3 Bh5 15. a4 c5 16. g4 Bg6 17. Bxg6 hxg6 18. Nf3 Nc6 19. dxc5 Na5 20. Qb5 Rac8 21. Rfb1 a6 22. Qb6 Bxc5 23. Bxc5 Qxc5 24. Qxc5 Rxc5 25. Ra3 Rfc8 26. Ng5 Rxc3 27. Rxc3 Rxc3 28. Rb6 Kf8 0-1

[Event "SVK-chT1E 1819"]
[Site "Slovakia"]
[Date "2019.03.17"]
[Round "11.3"]
[White "Halak, Miklos"]
[Black "Fiacan, Robert"]
[Result "0-1"]
[WhiteElo "2312"]
[BlackElo "2261"]
[PlyCount "80"]
[EventDate "2018.10.27"]
[EventType "team-tourn"]
[EventRounds "11"]
[EventCountry "SVK"]
[SourceTitle "CBM 189 Extra"]
[Source "ChessBase"]
[SourceDate "2019.06.03"]
[SourceVersion "1"]
[SourceVersionDate "2019.06.03"]
[SourceQuality "1"]
[WhiteTeam "Cebovce"]
[BlackTeam "Kosice 1 CC"]
[WhiteTeamCountry "SVK"]
[BlackTeamCountry "SVK"]

1. d4 f5 2. Bf4 Nf6 3. e3 d6 4. h3 g6 5. Nf3 Bg7 6. Be2 0-0 7. 0-0 e6 8. a4 Nc6 9. a5 a6 10. Nbd2 Qe7 11. Bh2 e5 12. c3 e4 13. Ne1 Kh8 14. Nc2 Bd7 15. c4 g5 16. b4 Bh6 17. Re1 Qg7 18. Bf1 f4 19. exf4 gxf4 20. Kh1 Bf5 21. d5 e3 22. fxe3 Bxc2 23. Qxc2 fxe3 24. Nf3 Nxb4 25. Qb1 c5 26. Bxd6 Nd7 27. Ra3 Rxf3 28. gxf3 Rg8 29. Qa1 Nf6 30. Bh2 Nc2 31. Qc1 Nxa3 32. Qxa3 Bf4 33. Qb2 Bxh2 34. Qxh2 Nh5 35. f4 Ng3+ 36. Kg2 Qb2+ 37. Be2 Nxe2+ 38. Kh1 Ng3+ 39. Kg1 Nf1+ 40. Qg2 Qxg2# 0-1

[Event "SVK-chT 1819"]
[Site "Slovakia"]
[Date "2019.02.17"]
[Round "6.2"]
[White "Fiacan, Robert"]
[Black "Magat, Jozef"]
[Result "1-0"]
[WhiteElo "2213"]
[BlackElo "2112"]
[PlyCount "117"]
[EventDate "2018.11.10"]
[EventType "team-tourn"]
[EventRounds "11"]
[EventCountry "SVK"]
[SourceTitle "CBM 188 Extra"]
[Source "ChessBase"]
[SourceDate "2019.02.26"]
[SourceVersion "1"]
[SourceVersionDate "2019.02.26"]
[SourceQuality "1"]
[WhiteTeam "Snina Reinter"]
[BlackTeam "Dunajov Inbest"]
[WhiteTeamCountry "SVK"]
[BlackTeamCountry "SVK"]

1. e4 g6 2. d4 Bg7 3. Nc3 d5 4. exd5 Nf6 5. Bb5+ Bd7 6. Bc4 0-0 7. Nf3 Bg4 8. h3 Bc8 9. a4 a5 10. Ne5 Na6 11. Qf3 Nb4 12. Bb3 Bf5 13. Kd1 c5 14. dxc5 Nfxd5 15. Nxd5 Bxe5 16. Re1 Bg7 17. Bd2 Bxc2+ 18. Bxc2 Qxd5 19. Qxd5 Nxd5 20. Be4 Rfd8 21. Ke2 e6 22. Rab1 Bd4 23. Rec1 Rd7 24. Rc4 Be5 25. g3 Ra6 26. Bd3 Ra8 27. Re4 Bg7 28. Bb5 Rc7 29. Rc4 Bf8 30. Rbc1 Bg7 31. b3 Bf8 32. c6 b6 33. R1c2 Bd6 34. f4 Bf8 35. Kf3 Bd6 36. Be1 Bf8 37. Bf2 Bg7 38. Rd2 Rb8 39. g4 h6 40. f5 Be5 41. Re2 f6 42. fxe6 Re7 43. Rd2 Nc7 44. Rd7 Kf8 45. Be3 g5 46. Bc1 Rxe6 47. Re4 Nxb5 48. axb5 Ke8 49. Rh7 Rd8 50. Rh8+ Ke7 51. Ba3+ Red6 52. Rxd8 Kxd8 53. Rxe5 Rd3+ 54. Re3 Rd5 55. Be7+ Kc7 56. Bxf6 Rxb5 57. Rc3 Rc5 58. Rxc5 bxc5 59. Bc3 1-0

[Event "SVK-chT1E 1819"]
[Site "Slovakia"]
[Date "2019.01.12"]
[Round "5.3"]
[White "Cech, Dominik"]
[Black "Fiacan, Robert"]
[Result "0-1"]
[WhiteElo "2160"]
[BlackElo "2219"]
[PlyCount "60"]
[EventDate "2018.10.27"]
[EventType "team-tourn"]
[EventRounds "11"]
[EventCountry "SVK"]
[SourceTitle "CBM 188 Extra"]
[Source "ChessBase"]
[SourceDate "2019.02.26"]
[SourceVersion "1"]
[SourceVersionDate "2019.02.26"]
[SourceQuality "1"]
[WhiteTeam "Michalovce Zemplin"]
[BlackTeam "Kosice 1 CC"]
[WhiteTeamCountry "SVK"]
[BlackTeamCountry "SVK"]

1. e4 d5 2. exd5 Qxd5 3. Nc3 Qd6 4. d4 Nf6 5. Nf3 a6 6. g3 Bg4 7. Bg2 Nc6 8. Bf4 Qb4 9. 0-0 0-0-0 10. Ne2 Bxf3 11. Bxf3 e5 12. c3 Qc4 13. Bxc6 exf4 14. Bg2 g5 15. b3 Qb5 16. Qc2 h5 17. c4 Qd7 18. Nc3 h4 19. Ne4 Ng4 20. gxf4 gxf4 21. h3 Nh6 22. Qe2 Nf5 23. Nf6 Qxd4 24. Nd5 Ng3 25. Qf3 Nxf1 26. Ne7+ Kd7 27. Rd1 Nd2 28. Qxb7 Kxe7 29. Re1+ Kf6 30. Qxc7 Bc5 0-1

[Event "SVK-chT1E 1819"]
[Site "Slovakia"]
[Date "2018.11.25"]
[Round "4.2"]
[White "Likavsky, Tomas"]
[Black "Fiacan, Robert"]
[Result "1-0"]
[WhiteElo "2423"]
[BlackElo "2205"]
[PlyCount "121"]
[EventDate "2018.10.27"]
[EventType "team-tourn"]
[EventRounds "11"]
[EventCountry "SVK"]
[SourceTitle "CBM 188 Extra"]
[Source "ChessBase"]
[SourceDate "2019.02.26"]
[SourceVersion "1"]
[SourceVersionDate "2019.02.26"]
[SourceQuality "1"]
[WhiteTeam "Dunajov Inbest II"]
[BlackTeam "Kosice 1 CC"]
[WhiteTeamCountry "SVK"]
[BlackTeamCountry "SVK"]

1. d4 f5 2. g3 Nf6 3. Bg2 g6 4. c4 Bg7 5. Nc3 0-0 6. Nf3 d6 7. d5 Na6 8. 0-0 Nc5 9. Nd4 a5 10. Rb1 Nfe4 11. Nxe4 fxe4 12. Be3 e6 13. Nxe6 Nxe6 14. dxe6 Bxe6 15. Bxe4 Bxc4 16. Bxb7 Bxa2 17. Bxa8 Qxa8 18. Rc1 Qe4 19. Qd2 Re8 20. Rfd1 c6 21. Qd3 Bd5 22. Qxe4 Rxe4 23. b3 Rb4 24. Rd3 Bb2 25. Rc2 Be5 26. Ra2 Rb5 27. Bd2 Bxb3 28. Rxa5 Rxa5 29. Bxa5 Bc4 30. Rd2 d5 31. Bb4 Kf7 32. e3 Ke6 33. f3 Bc7 34. Bc5 Be5 35. Kf2 Bc3 36. Rd1 h5 37. Rb1 Bb5 38. Rb3 Bf6 39. Ra3 Bc4 40. Ra8 Bb5 41. Rc8 Bc3 42. Re8+ Kf7 43. Re7+ Kf6 44. Rd7 Kf5 45. Bd4 Bb4 46. Rf7+ Ke6 47. Rf6+ Ke7 48. Rxg6 c5 49. Be5 Bc4 50. f4 Ba2 51. Rb6 Kf7 52. h3 Bc4 53. Rh6 Bd3 54. Rb6 Ba5 55. Rc6 Bb4 56. g4 hxg4 57. hxg4 Be4 58. f5 c4 59. Kg3 c3 60. Bxc3 Bd6+ 61. Rxd6 1-0

[Event "SVK-chT 1819"]
[Site "Slovakia"]
[Date "2018.11.11"]
[Round "2.2"]
[White "Fiacan, Robert"]
[Black "Macko, Michal"]
[Result "1-0"]
[WhiteElo "2213"]
[BlackElo "2178"]
[PlyCount "93"]
[EventDate "2018.11.10"]
[EventType "team-tourn"]
[EventRounds "11"]
[EventCountry "SVK"]
[SourceTitle "CBM 187 Extra"]
[Source "ChessBase"]
[SourceDate "2018.11.04"]
[SourceVersion "1"]
[SourceVersionDate "2018.11.04"]
[SourceQuality "1"]
[WhiteTeam "Snina Reinter"]
[BlackTeam "Liptov Chess School"]
[WhiteTeamCountry "SVK"]
[BlackTeamCountry "SVK"]

1. e4 c5 2. Nc3 a6 3. Bc4 e6 4. d3 b5 5. Bb3 Nc6 6. f4 Nd4 7. Nf3 Nxb3 8. axb3 Bb7 9. 0-0 Nf6 10. e5 b4 11. Ne2 Nd5 12. Ng3 g6 13. Ne4 f5 14. Neg5 h6 15. Nh3 Qc7 16. Qe2 Kf7 17. Nd2 Nb6 18. Nf2 d5 19. d4 a5 20. Nf3 Ba6 21. Nd3 c4 22. bxc4 dxc4 23. Nc5 Bxc5 24. dxc5 Nd5 25. Qf2 Rac8 26. c6 c3 27. Rd1 Bb5 28. bxc3 Bxc6 29. cxb4 Nc3 30. Rd4 a4 31. Rc4 Ne4 32. Qe3 Qb7 33. Nd4 Bb5 34. Rxc8 Rxc8 35. Bb2 Rc7 36. h4 Bd7 37. c3 Qc8 38. b5 Nxc3 39. h5 gxh5 40. b6 Nd5 41. Qf3 Nxb6 42. Qxh5+ Kg7 43. Nxf5+ exf5 44. e6+ Rc3 45. Qf7+ Kh8 46. exd7 Nxd7 47. Rc1 1-0

[Event "SVK-chT1E 1718"]
[Site "Slovakia"]
[Date "2018.03.11"]
[Round "11.1"]
[White "Fiacan, Robert"]
[Black "Zambor, Norbert"]
[Result "1-0"]
[WhiteElo "2224"]
[BlackElo "2235"]
[PlyCount "73"]
[EventDate "2017.10.21"]
[EventType "team-tourn"]
[EventRounds "11"]
[EventCountry "SVK"]
[SourceTitle "EXT 2019"]
[Source "ChessBase"]
[SourceDate "2018.10.10"]
[SourceVersion "1"]
[SourceVersionDate "2018.10.10"]
[SourceQuality "1"]
[WhiteTeam "Kosice Slavia TU II"]
[BlackTeam "Margecany OSK"]
[WhiteTeamCountry "SVK"]
[BlackTeamCountry "SVK"]

1. Nf3 Nf6 2. g3 c5 3. c4 d5 4. Bg2 d4 5. d3 Nc6 6. 0-0 e5 7. e3 dxe3 8. Bxe3 Be7 9. Nc3 0-0 10. Bg5 Be6 11. Re1 Qd6 12. Qb3 a6 13. Bxf6 gxf6 14. Nd5 Rab8 15. Nd2 f5 16. Qd1 Kh8 17. Qh5 Rg8 18. h4 Rg6 19. Kh2 Rbg8 20. Re3 Bxh4 21. Qxh4 Bxd5 22. cxd5 Rh6 23. dxc6 Rxh4+ 24. gxh4 e4+ 25. Kh1 Qf4 26. Rf1 bxc6 27. dxe4 Qxh4+ 28. Bh3 Qd8 29. Nc4 Qd4 30. b3 fxe4 31. Rg1 Rg6 32. Bf5 Rh6+ 33. Kg2 Qg7+ 34. Kf1 Qa1+ 35. Re1 Qf6 36. Rxe4 Qa1+ 37. Re1 1-0

[Event "SVK-chT1E 1718"]
[Site "Slovakia"]
[Date "2018.02.03"]
[Round "7.1"]
[White "Fiacan, Robert"]
[Black "Demeter, Peter"]
[Result "1-0"]
[WhiteElo "2216"]
[BlackElo "2202"]
[PlyCount "81"]
[EventDate "2017.10.21"]
[EventType "team-tourn"]
[EventRounds "11"]
[EventCountry "SVK"]
[SourceTitle "EXT 2019"]
[Source "ChessBase"]
[SourceDate "2018.10.10"]
[SourceVersion "1"]
[SourceVersionDate "2018.10.10"]
[SourceQuality "1"]
[WhiteTeam "Kosice Slavia TU II"]
[BlackTeam "Presov Tatran"]
[WhiteTeamCountry "SVK"]
[BlackTeamCountry "SVK"]

1. e4 c5 2. Nf3 d6 3. d4 cxd4 4. Nxd4 Nf6 5. Nc3 g6 6. Be3 Bg7 7. f3 0-0 8. Qd2 Nc6 9. Bc4 Bd7 10. 0-0-0 Ne5 11. Bb3 Qa5 12. Kb1 Rfc8 13. h4 b5 14. Ncxb5 Qxd2 15. Bxd2 Rab8 16. Na3 h5 17. Rhe1 Rc5 18. Be3 Be8 19. c3 a5 20. Ne2 Rc7 21. Bd4 a4 22. Bc2 Nc4 23. Nxc4 Rxc4 24. Bd3 Rc7 25. e5 Nd7 26. exd6 exd6 27. Bc2 Ne5 28. b4 Bb5 29. Nf4 Bc6 30. Be4 Bxe4+ 31. Rxe4 Rb5 32. Bxe5 dxe5 33. Nd5 Rcb7 34. a3 f5 35. Rc4 Rf7 36. Rc8+ Kh7 37. c4 Rbb7 38. c5 e4 39. c6 Rb5 40. c7 Rxd5 41. Rxd5 1-0

[Event "SVK-chT2D 1718"]
[Site "Slovakia"]
[Date "2018.01.14"]
[Round "6.1"]
[White "Mrva, Vladimir"]
[Black "Fiacan, Robert"]
[Result "1/2-1/2"]
[WhiteElo "2072"]
[BlackElo "2226"]
[PlyCount "104"]
[EventDate "2017.10.28"]
[EventType "team-tourn"]
[EventRounds "11"]
[EventCountry "SVK"]
[SourceTitle "EXT 2019"]
[Source "ChessBase"]
[SourceDate "2018.10.10"]
[SourceVersion "1"]
[SourceVersionDate "2018.10.10"]
[SourceQuality "1"]
[WhiteTeam "Presov Slavia"]
[BlackTeam "Humenne Reinter"]
[WhiteTeamCountry "SVK"]
[BlackTeamCountry "SVK"]

1. e4 e5 2. Nf3 Nc6 3. Nc3 Nf6 4. Bb5 Bc5 5. 0-0 d6 6. d4 exd4 7. Nxd4 Bd7 8. Nb3 Bb6 9. Na4 0-0 10. Nxb6 axb6 11. f3 Qe7 12. Bd2 Qe5 13. Bxc6 bxc6 14. Bc3 Qe7 15. Re1 Nh5 16. Qd2 Ra4 17. a3 Re8 18. Rad1 Qh4 19. g3 Qd8 20. Nd4 d5 21. exd5 Rxe1+ 22. Qxe1 cxd5 23. Qe5 Nf6 24. Nf5 Bxf5 25. Qxf5 d4 26. Qb5 Qa8 27. Rxd4 Rxd4 28. Bxd4 Qxf3 29. Bxf6 gxf6 30. Qd3 Qc6 31. c3 Kg7 32. Qe2 Qc5+ 33. Kg2 h5 34. Qf2 Qe5 35. h3 Kg6 36. Qc2+ f5 37. h4 c5 38. c4 Kf6 39. b4 cxb4 40. axb4 Ke6 41. Qf2 Qe4+ 42. Kh2 Qxc4 43. Qxb6+ Kd5 44. Qd8+ Ke4 45. Qd2 Ke5 46. Qb2+ Kd6 47. Qf6+ Qe6 48. Qd4+ Kc7 49. Qa7+ Kc8 50. Qa8+ Kc7 51. Qa7+ Kc8 52. Qa8+ Kc7 1/2-1/2

[Event "SVK-chT 1718"]
[Site "Slovakia"]
[Date "2017.12.09"]
[Round "5.1"]
[White "Zambor, Norbert"]
[Black "Fiacan, Robert"]
[Result "1-0"]
[WhiteElo "2261"]
[BlackElo "2205"]
[PlyCount "148"]
[EventDate "2017.09.30"]
[EventType "team-tourn"]
[EventRounds "11"]
[EventCountry "SVK"]
[SourceTitle "EXT 2019"]
[Source "ChessBase"]
[SourceDate "2018.10.10"]
[SourceVersion "1"]
[SourceVersionDate "2018.10.10"]
[SourceQuality "1"]
[WhiteTeam "Prakovce"]
[BlackTeam "Snina Reinter"]
[WhiteTeamCountry "SVK"]
[BlackTeamCountry "SVK"]

1. e4 e5 2. Nf3 Nc6 3. Bc4 Bc5 4. 0-0 Nf6 5. d3 d6 6. c3 0-0 7. b4 Bb6 8. Bg5 Be6 9. a4 a5 10. b5 Bxc4 11. bxc6 Ba6 12. cxb7 Bxb7 13. c4 h6 14. Be3 c6 15. Bxb6 Qxb6 16. Nbd2 Rfe8 17. Rb1 Qa7 18. Qb3 Rab8 19. Qc3 Ba8 20. c5 dxc5 21. Nxe5 Rb4 22. Ndc4 Qc7 23. f4 Bb7 24. Ne3 Nd7 25. Nxd7 Qxd7 26. Nf5 f6 27. Rbd1 g6 28. Ne3 Qd4 29. Qxd4 cxd4 30. Nc4 Rxa4 31. Nb6 Rb4 32. Nd7 Kf7 33. Rb1 Rb5 34. Rfc1 Ke7 35. Nc5 Rb8 36. Ra1 Kd6 37. e5+ fxe5 38. fxe5+ Kd5 39. Ne4 Kxe5 40. Nd2 Kd5 41. Nc4 Re8 42. Ra2 Bc8 43. Nxa5 Bd7 44. Nc4 Bf5 45. Ra7 Re2 46. Ra8 c5 47. Ra3 Rb4 48. Kf1 Re6 49. Nd2 Re3 50. Ra5 Bxd3+ 51. Kg1 Rb5 52. Ra8 Re2 53. Rd8+ Kc6 54. Nf3 Kb7 55. Rd7+ Kb6 56. Rd6+ Ka5 57. Rd5 Kb4 58. Ne5 Rxg2+ 59. Kxg2 Be4+ 60. Kf2 Bxd5 61. Nd3+ Ka3 62. Nxc5 Rb2+ 63. Kg3 Rg2+ 64. Kf4 Rxh2 65. Ke5 Rh5+ 66. Kxd4 Rf5 67. Rc3+ Kb4 68. Nd3+ Ka4 69. Nb2+ Kb5 70. Rc5+ Kb4 71. Nd3+ Kb3 72. Rb5+ Kc2 73. Rb2+ Kd1 74. Kc3 Bf7 1-0